Investigation into the practical training of secondary teachers in India (Record no. 1357288)

MARC details
000 -LEADER
fixed length control field 00518nam a2200169Ia 4500
005 - DATE AND TIME OF LATEST TRANSACTION
control field 20250508155508.0
008 - FIXED-LENGTH DATA ELEMENTS--GENERAL INFORMATION
fixed length control field 008 250505s9999 xx 000 0 eng d
037 ## - SOURCE OF ACQUISITION
Stock number Textual
040 ## - CATALOGING SOURCE
Original cataloging agency FEDL
Language of cataloging eng
Transcribing agency FEDL
041 ## - LANGUAGE CODE
Language code of text/sound track or separate title eng
Source of code eng
084 ## - COLON CLASSIFICATION NUMBER
Classification number 370.7, NCE
Assigning agency FEDL
245 #0 - TITLE STATEMENT
Title Investigation into the practical training of secondary teachers in India
260 ## - PUBLICATION, DISTRIBUTION, ETC.
Place of publication, distribution, etc. Delhi, India
Name of publisher, distributor, etc. Central Institute of Education
Date of publication, distribution, etc. 1951
650 ## - SUBJECT ADDED ENTRY--TOPICAL TERM
Topical term or geographic name entry element Education
942 ## - ADDED ENTRY ELEMENTS (KOHA)
Koha item type Textual
Classification part 370.7, NCE
Holdings
Withdrawn status Lost status Damaged status Not for loan Home library Current library Date acquired Total Checkouts Full call number Barcode Date last seen Price effective from Koha item type
        Department of Education Library Department of Education Library 2025-05-08   370.7, NCE EL0042485 2025-05-08 2025-05-08 Textual
Copyright @ Delhi University Library System